000 00580nam a2200145 a 4500
001 000031404
005 20200930062915.0
008 110620s1938 dr r 000 | spa d
040 _aDO-SdBNP
_bspa
_cBNPHU
082 _axxxx
_bO74m
100 1 _aOrnes de Perelló, Amanda
_957821
245 1 0 _aManual de económia domestica :
_bdesarrollo del programa oficial de las escuelas de economía domestica de la República Dominicana /
_cAmanda Ornes de Perelló.
260 _aSantiago de los Caballeros, República Dominicana :
_bImprenta la Información,
_c1938.
300 _av. ;
_c17 cm.
999 _c30896
_d30896